| 000 | 00413nab a2200145Ia 4500 | ||
|---|---|---|---|
| 003 | ES-SlBCS | ||
| 005 | 20210601124309.0 | ||
| 008 | 140529s1979 xxu||||| |||| 00| 0 eng d | ||
| 041 | _aeng | ||
| 100 | 1 |
_aHult, Richard E. _9139339 |
|
| 245 | 0 | 0 |
_aOn Pedagogical Caring _c Richard E. Hult |
| 650 | 0 | 4 |
_aPedagogía _915877 |
| 773 | 0 |
_tEducational Theory _gvol. 29, nº. 3, 1979, págs. 237-244 _wRev1399 |
|
| 942 | _cAR | ||
| 999 |
_c512492 _d512492 |
||